Normal view
MARC view
- Lajous Vargas, Alejandra,
Entry Nombre Personal
001 - NUMERO DE CONTROL
- campo de control: 28936
003 - IDENTIFICADOR DE NUMERO DE CONTROL
- campo de control: UPN
005 - FECHA Y HORA DE LA ÜLTIMA TRANSACCIÓN
- campo de control: 20210219194358.0
008 - DATOS DE LONGITUD FIJA
- campo de control de longitud fija: nabaccnnaabn|||||||||| b |nc|||||d
035 ## - NUMERO DE CONTROL
- Número de control: UPN11000001042
040 ## - FUENTE DE CATALOGACIÓN
- Lenguaje de catalogación: SPA
- Agencia de transcripción: UPN
100 1# - ENCABEZAMIENTO - NOMBRE PERSONAL
- Nombre personal: Lajous Vargas, Alejandra,
- Fechas asociadas con el nombre: 1948-
400 1# - VEÁSE - NOMBRE DE PERSONA
- Personal name: Lajous, Alejandra,
- Dates associated with a name: 1948-
670 ## - FUENTE EN LA QUE SE LOCALIZARON DATOS
- Cita de la fuente: LC
680 ## - NOTA PUBLICA DE ACCESO PÚBLICO
- Frase explicativa de la referencia: Historiadora y funcionaria pública mexicana
902 ## - CATALOGADOR
- Catalogador: DAA/190208
